000 00238nam a2200085Ia 4500
245 0 _aElsie se vuurproef
100 _a DE VILLIERS, Herna Pretoria, 2003 1ste druk
_966426
942 _cBK
008 210817s9999 xx 000 0 und d
999 _c264805
_d264804